| 000 | 01015nam a2200325 a 4500 | ||
|---|---|---|---|
| 001 | BRCA_6712 | ||
| 005 | 20190320205549.0 | ||
| 008 | 190412s1893----enka######---#000-0#----# | ||
| 041 | _aeng | ||
| 044 | _aenk | ||
| 050 | 4 |
_aGV1146 _b.P65 _c1893 |
|
| 245 | 1 | 0 |
_aFencing _cby Walter H: Pollock, F.C. Grove and Camille Prevost. |
| 250 | _a3 | ||
| 260 |
_aLondres _bLongmans, Green & Co. _c1893 |
||
| 300 |
_axiii, 304 p. _bil., 41 láminas _c20 cm. |
||
| 440 | 0 |
_aBadminton library of sports and pastimes _916766 |
|
| 500 | _aIncluye lista de ilustraciones, apéndice e índice alfabético | ||
| 500 | _aEstado físico: algunas páginas rotas y otras sueltas | ||
| 500 | _aI93 | ||
| 505 | 0 | _aBoxing by E.B. Michell.- Wrestling by Walter Armostrong. | |
| 650 | 1 | 4 |
_aEsgrima _916767 |
| 650 | 1 | 4 |
_aBoxeo _916768 |
| 650 | 1 | 4 |
_aLucha (Deporte) _916769 |
| 700 | 1 |
_aMichell, E.B. _916770 |
|
| 700 | 1 |
_aArmostrong, Walter _916771 |
|
| 740 | 0 | _aBoxing | |
| 740 | 0 | _aWrestling | |
| 902 | _aGFM | ||
| 942 |
_2lcc _cB |
||
| 999 |
_c6395 _d6395 |
||